[Event "24th Klatovy B 2016"]
[Site "Klatovy CZE"]
[Date "2016.07.09"]
[Round "8.5"]
[White "Jirasek, Jiri"]
[Black "Cizek, Ondrej"]
[Result "1-0"]
[WhiteElo "1881"]
[BlackElo "1826"]
[PlyCount "77"]
[EventDate "2016.07.02"]
[EventType "swiss"]
[EventRounds "9"]
[EventCountry "CZE"]

1. d4 d5 2. c4 e6 3. Nc3 Nf6 4. Nf3 Bb4 5. Bd2 c5 6. a3 Bxc3 7. Bxc3 b6 8. dxc5 bxc5 9. cxd5 exd5 10. Bxf6 gxf6 11. g3 Be6 12. Bg2 Qa5+ 13. Nd2 Nd7 14. O-O Rb8 15. b3 Qc7 16. e4 d4 17. f4 Nb6 18. Rc1 Qd6 19. a4 a5 20. Qh5 Rc8 21. e5 fxe5 22. Ne4 Qf8 23. fxe5 Rc7 24. Rf6 Kd8 25. Ng5 Qe7 26. Rcf1 Kc8 27. Nxf7 Bxf7 28. Rxf7 Qe8 29. e6 Kb8 30. Rxc7 Qxh5 31. Rb7+ Kc8 32. Rxb6 Qe5 33. Ra6 Qe3+ 34. Kh1 Rd8 35. Ra8+ Kc7 36. Rf7+ Kd6 37. Rxd8+ Ke5 38. e7 Ke6 39. e8=Q# 1-0

[Event "24th Klatovy B 2016"]
[Site "Klatovy CZE"]
[Date "2016.07.09"]
[Round "8.7"]
[White "Novotny, David"]
[Black "Vachal, Josef1"]
[Result "1/2-1/2"]
[WhiteElo "1758"]
[BlackElo "1957"]
[PlyCount "103"]
[EventDate "2016.07.02"]
[EventType "swiss"]
[EventRounds "9"]
[EventCountry "CZE"]

1. d4 Nf6 2. c4 c5 3. d5 d6 4. Nc3 g6 5. b3 Bg7 6. Bb2 Qa5 7. Qd2 Ne4 8. Nxe4 Qxd2+ 9. Nxd2 Bxb2 10. Rd1 O-O 11. e4 a5 12. a4 Na6 13. Bd3 Nb4 14. Bb1 f5 15. Ne2 fxe4 16. Nxe4 Bg4 17. h3 Bd7 18. N4c3 Bf5 19. O-O Bxb1 20. Rxb1 Bxc3 21. Nxc3 Rf7 22. Rfe1 Nc2 23. Re4 Nd4 24. Ne2 Nxe2+ 25. Rxe2 Kf8 26. Rbe1 Ke8 27. Re6 Kd7 28. R1e2 Re8 29. h4 Rf6 30. h5 Rxe6 31. Rxe6 Rg8 32. Kh2 Ke8 33. hxg6 hxg6 34. Kg3 Kf7 35. Kf4 Rh8 36. Re3 Rh2 37. Rg3 Rh5 38. Re3 Rf5+ 39. Kg3 Rh5 40. Rf3+ Kg7 41. Kf4 Rh2 42. g4 Rg2 43. Kg5 Rh2 44. Re3 Kf7 45. f4 Rh1 46. Rg3 Rh2 47. Rd3 Rh1 48. Rg3 Rh2 49. Rf3 Rh1 50. f5 gxf5 51. Kxf5 Re1 52. Rh3 1/2-1/2

[Event "24th Klatovy B 2016"]
[Site "Klatovy CZE"]
[Date "2016.07.09"]
[Round "8.10"]
[White "Vartazaryan, Gor"]
[Black "Rezac, Jindrich"]
[Result "0-1"]
[WhiteElo "1620"]
[BlackElo "1799"]
[PlyCount "36"]
[EventDate "2016.07.02"]
[EventType "swiss"]
[EventRounds "9"]
[EventCountry "CZE"]

1. d4 Nf6 2. c4 g6 3. Nc3 d5 4. cxd5 Nxd5 5. e4 Nxc3 6. bxc3 Bg7 7. Nf3 c5 8. Be3 O-O 9. Be2 Qa5 10. Qd2 Nc6 11. Bh6 Bxh6 12. Qxh6 Qxc3+ 13. Kd1 Qxa1+ 14. Kd2 Qxa2+ 15. Ke3 cxd4+ 16. Kf4 Qxe2 17. h4 Qxf2 18. h5 e5+ 0-1

[Event "24th Klatovy B 2016"]
[Site "Klatovy CZE"]
[Date "2016.07.09"]
[Round "8.12"]
[White "Kovarova, Oxana"]
[Black "Macho, Miloslav"]
[Result "1/2-1/2"]
[WhiteElo "1759"]
[BlackElo "1675"]
[PlyCount "46"]
[EventDate "2016.07.02"]
[EventType "swiss"]
[EventRounds "9"]
[EventCountry "CZE"]

1. e4 e5 2. Nf3 Nc6 3. Bc4 Nf6 4. d3 Be7 5. c3 O-O 6. O-O d6 7. Re1 Bg4 8. Nbd2 Na5 9. Bb5 Bd7 10. Ba4 c5 11. Bc2 Nc6 12. Nf1 Bg4 13. Ng3 Nh5 14. Nf5 Bxf5 15. exf5 Nf6 16. Ng5 d5 17. Qf3 Qd7 18. Qh3 Bd6 19. g4 Rae8 20. Qh4 Bc7 21. Re3 h6 22. Rh3 e4 23. Bd2 Ne5 1/2-1/2

[Event "24th Klatovy B 2016"]
[Site "Klatovy CZE"]
[Date "2016.07.09"]
[Round "8.14"]
[White "Maly, Jiri"]
[Black "Simacek, Vaclav"]
[Result "1/2-1/2"]
[WhiteElo "1657"]
[BlackElo "1876"]
[PlyCount "63"]
[EventDate "2016.07.02"]
[EventType "swiss"]
[EventRounds "9"]
[EventCountry "CZE"]

1. e4 e5 2. Nf3 Nc6 3. Bb5 f5 4. d3 fxe4 5. dxe4 Nf6 6. O-O Bc5 7. Bg5 O-O 8. Bxf6 Bxf2+ 9. Rxf2 Qxf6 10. c3 Ne7 11. Nbd2 c6 12. Bc4+ d5 13. Bb3 Be6 14. Qe2 Ng6 15. Raf1 Nf4 16. Qe3 Qg6 17. Kh1 dxe4 18. Nxe5 Qh5 19. Bxe6+ Nxe6 20. Nec4 Rxf2 21. Qxf2 b5 22. Ne3 Nc5 23. g4 Qe8 24. b4 Nd7 25. Qf5 a5 26. a3 axb4 27. axb4 g6 28. Qf4 Qe6 29. Qxe4 Qxe4+ 30. Nxe4 Re8 31. Nf6+ Nxf6 32. Rxf6 1/2-1/2

[Event "24th Klatovy B 2016"]
[Site "Klatovy CZE"]
[Date "2016.07.09"]
[Round "8.16"]
[White "Chmelik, Ladislav"]
[Black "Ruzicka, Vaclav1"]
[Result "0-1"]
[WhiteElo "1762"]
[BlackElo "1649"]
[PlyCount "142"]
[EventDate "2016.07.02"]
[EventType "swiss"]
[EventRounds "9"]
[EventCountry "CZE"]

1. d4 Nf6 2. Nf3 d6 3. c4 Nbd7 4. Nc3 e5 5. e4 Be7 6. Be2 O-O 7. O-O c6 8. b3 exd4 9. Nxd4 Nc5 10. Qc2 a5 11. h3 Re8 12. Bf3 Bf8 13. Bf4 Ne6 14. Nxe6 Bxe6 15. Rad1 Qb6 16. Bxd6 Bxd6 17. Rxd6 Red8 18. Rfd1 Rxd6 19. Rxd6 Ne8 20. Rd1 Rd8 21. Rxd8 Qxd8 22. Na4 b5 23. Nc5 Bc8 24. e5 Qb6 25. cxb5 cxb5 26. Na4 Qc7 27. Qxc7 Nxc7 28. Nc5 Ne6 29. Bg4 Nxc5 30. Bxc8 Nd3 31. e6 fxe6 32. Bxe6+ Kf8 33. Bf5 Nc1 34. Bb1 Ne2+ 35. Kf1 Nc3 36. Bxh7 Nxa2 37. Ke1 b4 38. Kd2 Ke7 39. Kd3 Kd6 40. Kc4 Nc3 41. Bc2 Ne2 42. g4 g5 43. Be4 Nf4 44. Kb5 Nxh3 45. f3 Nf4 46. Kxa5 Kc5 47. Ka6 Kd4 48. Kb5 Kc3 49. Kc5 Kxb3 50. Kd4 Kb2 51. Ke5 Kc3 52. Kf5 b3 53. Kxg5 Nd3 54. Bd5 b2 55. Ba2 Kc2 56. Kh6 Nb4 57. g5 Nxa2 58. g6 b1=Q 59. Kh7 Qh1+ 60. Kg8 Qxf3 61. g7 Qh5 62. Kf8 Qf5+ 63. Ke7 Qg6 64. Kf8 Qf6+ 65. Kg8 Nc3 66. Kh7 Qh4+ 67. Kg6 Qg4+ 68. Kf7 Qf5+ 69. Ke8 Qg6+ 70. Kf8 Qf6+ 71. Kg8 Nd5 0-1

[Event "24th Klatovy B 2016"]
[Site "Klatovy CZE"]
[Date "2016.07.09"]
[Round "8.20"]
[White "Kovar, Vaclav 1953"]
[Black "Nemec, Frantisek 1985"]
[Result "1/2-1/2"]
[WhiteElo "1730"]
[BlackElo "1614"]
[PlyCount "22"]
[EventDate "2016.07.02"]
[EventType "swiss"]
[EventRounds "9"]
[EventCountry "CZE"]

1. d4 Nf6 2. c4 e6 3. Nc3 b6 4. e4 Bb4 5. Bd3 Bb7 6. Qc2 d6 7. Nf3 h6 8. O-O Nbd7 9. Bd2 Bxc3 10. Bxc3 c5 11. d5 e5 1/2-1/2

[Event "24th Klatovy B 2016"]
[Site "Klatovy CZE"]
[Date "2016.07.09"]
[Round "8.24"]
[White "Krisman, Ondrej"]
[Black "Lener, Jaroslav 1975"]
[Result "1-0"]
[WhiteElo "1608"]
[BlackElo "1820"]
[PlyCount "73"]
[EventDate "2016.07.02"]
[EventType "swiss"]
[EventRounds "9"]
[EventCountry "CZE"]

1. e4 c5 2. Nf3 Nc6 3. d4 cxd4 4. Nxd4 d6 5. c4 Nf6 6. Nc3 g6 7. Be2 Bg7 8. Be3 O-O 9. Qd2 Ng4 10. Nxc6 bxc6 11. Bf4 Qa5 12. Nd1 Qxd2+ 13. Bxd2 Be6 14. Bc3 Ne5 15. b3 f5 16. f4 Nd7 17. Bxg7 Kxg7 18. exf5 Rxf5 19. O-O Raf8 20. g3 R5f6 21. Ne3 Bh3 22. Rfd1 e5 23. Ng4 Re6 24. fxe5 h5 25. Nf2 Bf5 26. Rxd6 Rxe5 27. Bd3 Be6 28. Rd1 Nc5 29. Rxc6 Rf3 30. Rc7+ Kh6 31. Kg2 Rfe3 32. Bf1 Na6 33. Rxa7 Nb4 34. Rd8 g5 35. Rh8+ Kg6 36. a3 Rf5 37. axb4 1-0

[Event "24th Klatovy B 2016"]
[Site "Klatovy CZE"]
[Date "2016.07.09"]
[Round "8.25"]
[White "Kudrna, Miroslav"]
[Black "Bartos, Karel"]
[Result "0-1"]
[WhiteElo "1580"]
[BlackElo "1784"]
[PlyCount "114"]
[EventDate "2016.07.02"]
[EventType "swiss"]
[EventRounds "9"]
[EventCountry "CZE"]

1. e4 c5 2. Nf3 d6 3. d4 cxd4 4. Nxd4 Nf6 5. Nc3 a6 6. Be2 e5 7. Nb3 Be6 8. Be3 Be7 9. O-O Qc7 10. Nd5 Bxd5 11. exd5 Nbd7 12. c4 O-O 13. Nd2 Rac8 14. b4 Rfe8 15. Rc1 Qb8 16. Qb3 b6 17. Rfd1 Rc7 18. c5 bxc5 19. bxc5 Nxc5 20. Bxc5 Rxc5 21. Rxc5 dxc5 22. Qxb8 Rxb8 23. Nc4 Nd7 24. g3 Kf8 25. Bd3 g6 26. Rb1 Rxb1+ 27. Bxb1 f5 28. f3 Bd8 29. g4 fxg4 30. fxg4 Kf7 31. Kg2 Bg5 32. Nd6+ Ke7 33. Ne4 Be3 34. Bd3 Nb6 35. Bxa6 Nxd5 36. Bc4 Nb6 37. Bg8 h6 38. Nc3 Kd6 39. h4 c4 40. g5 hxg5 41. hxg5 Ke7 42. Nd5+ Nxd5 43. Bxd5 c3 44. Be4 Kf7 45. Kf3 Bxg5 46. Ke2 Bh4 47. a4 Bd8 48. Kd3 Ba5 49. Kc4 g5 50. Kd3 g4 51. Bf5 g3 52. Be4 Kf6 53. Kc2 Kg5 54. Kd3 Kf4 55. Bc6 Kg4 56. Bd7+ Kf3 57. Bc6+ Kf2 0-1

[Event "24th Klatovy B 2016"]
[Site "Klatovy CZE"]
[Date "2016.07.09"]
[Round "8.30"]
[White "Kadlec, Rudolf"]
[Black "Zimovcak, Zdenek"]
[Result "0-1"]
[WhiteElo "1397"]
[BlackElo "1632"]
[PlyCount "81"]
[EventDate "2016.07.02"]
[EventType "swiss"]
[EventRounds "9"]
[EventCountry "CZE"]

1. e4 e5 2. d4 Nc6 3. Nf3 exd4 4. Bc4 Be7 5. c3 Na5 6. Qxd4 Nxc4 7. Qxc4 d6 8. O-O c6 9. Re1 Be6 10. Qd3 h6 11. Bf4 Qd7 12. h3 c5 13. Nbd2 g5 14. Bg3 g4 15. hxg4 Bxg4 16. c4 h5 17. Nh4 O-O-O 18. a3 Nh6 19. b4 f6 20. Rab1 Rhg8 21. bxc5 dxc5 22. Qxd7+ Rxd7 23. Bf4 Nf7 24. Rb3 Be6 25. Reb1 Ne5 26. a4 Nxc4 27. Nxc4 Bxc4 28. Rc3 Be6 29. a5 Rgd8 30. Be3 Rd1+ 31. Rxd1 Rxd1+ 32. Kh2 b6 33. axb6 axb6 34. Nf3 Kb7 35. Nd2 Kc6 36. Ra3 Bd6+ 37. f4 Re1 38. Kg3 c4 39. Ra6 Rxe3+ 40. Kf2 Bxf4 41. Nf1 0-1

[Event "24th Klatovy B 2016"]
[Site "Klatovy CZE"]
[Date "2016.07.09"]
[Round "8.35"]
[White "Svejdar, Pavel"]
[Black "Sedlacek, Pavel"]
[Result "1-0"]
[WhiteElo "1544"]
[BlackElo "1612"]
[PlyCount "91"]
[EventDate "2016.07.02"]
[EventType "swiss"]
[EventRounds "9"]
[EventCountry "CZE"]

1. e4 c5 2. Nf3 d6 3. d4 cxd4 4. Nxd4 Nf6 5. Nc3 a6 6. Bd3 Nc6 7. Nf3 Bg4 8. Be2 e6 9. Bg5 Be7 10. O-O O-O 11. Re1 Qc7 12. a3 Rad8 13. Bh4 Ne8 14. Bg3 Bf6 15. Qd3 Qe7 16. Rab1 Nc7 17. h3 Bxf3 18. Bxf3 Ne5 19. Qe2 Nxf3+ 20. Qxf3 g6 21. Red1 Rd7 22. Bxd6 Rxd6 23. Rxd6 Qxd6 24. Qxf6 Qd8 25. Qf4 Qe7 26. Rd1 Rd8 27. Qf3 Kg7 28. e5 Rxd1+ 29. Qxd1 Qc5 30. Qd6 b6 31. Qxc5 bxc5 32. Ne4 c4 33. Nd6 c3 34. bxc3 f6 35. f4 f5 36. c4 Kf8 37. Kf2 Ke7 38. Ke3 Kd7 39. Kd4 Kc6 40. Kc3 Kb6 41. Nf7 Kc5 42. Ng5 h6 43. Nf7 g5 44. fxg5 hxg5 45. Nxg5 Kc6 46. h4 1-0

[Event "24th Klatovy B 2016"]
[Site "Klatovy CZE"]
[Date "2016.07.09"]
[Round "8.36"]
[White "Tomascik, Petr"]
[Black "Novy, Jan"]
[Result "0-1"]
[WhiteElo "1484"]
[BlackElo "1606"]
[PlyCount "72"]
[EventDate "2016.07.02"]
[EventType "swiss"]
[EventRounds "9"]
[EventCountry "CZE"]

1. d4 e5 2. dxe5 Nc6 3. Nf3 Qe7 4. Nc3 Nxe5 5. Nxe5 Qxe5 6. e3 Nf6 7. Bd3 Bd6 8. Bd2 c6 9. Qf3 O-O 10. O-O-O Re8 11. g4 Bf8 12. Rdg1 d5 13. h3 g6 14. Ne2 Ne4 15. Bxe4 dxe4 16. Qf4 Qe6 17. Nc3 b5 18. b3 a5 19. Ne2 c5 20. Bc3 b4 21. Bb2 Ra6 22. Rd1 a4 23. Kd2 axb3 24. axb3 f6 25. Qg3 g5 26. Rb1 Bd6 27. Qg2 Ra2 28. Rhc1 Ba6 29. Qh1 f5 30. Qg1 f4 31. Qd1 Bb5 32. c4 bxc3+ 33. Nxc3 Bd3 34. Ra1 Rxb2+ 35. Ke1 fxe3 36. Ra2 exf2# 0-1

[Event "24th Klatovy B 2016"]
[Site "Klatovy CZE"]
[Date "2016.07.09"]
[Round "8.37"]
[White "Filip, Petr 1952"]
[Black "Rimovsky, Pavel"]
[Result "0-1"]
[WhiteElo "1353"]
[BlackElo "1593"]
[PlyCount "116"]
[EventDate "2016.07.02"]
[EventType "swiss"]
[EventRounds "9"]
[EventCountry "CZE"]

1. d4 Nf6 2. Nf3 d6 3. h3 g6 4. Nc3 Bg7 5. Bf4 c6 6. e4 O-O 7. Bd3 Nbd7 8. O-O Nh5 9. Be3 e5 10. Ne2 b5 11. Qd2 a6 12. Bh6 Nhf6 13. Bxg7 Kxg7 14. c3 Bb7 15. Rfe1 Qc7 16. Ng3 Rfe8 17. h4 h5 18. Qg5 Kh7 19. Nh2 Qd8 20. Nf5 gxf5 21. Qxf5+ Kh8 22. Nf3 Bc8 23. Qg5 Rg8 24. Qh6+ Nh7 25. Qxh5 Qf6 26. Ng5 Rg7 27. Re3 Qg6 28. Qe2 Nxg5 29. hxg5 Qxg5 30. Rg3 Qh6 31. Qf3 Rxg3 32. Qxg3 Bb7 33. Be2 Rg8 34. Bg4 Nf6 35. f3 Qe3+ 36. Qf2 Qxf2+ 37. Kxf2 Nxg4+ 38. fxg4 exd4 39. cxd4 Rxg4 40. Re1 Kg7 41. Kf3 Rg5 42. g4 f6 43. Kf4 Bc8 44. Rg1 Be6 45. b3 Kg6 46. Kf3 d5 47. exd5 Bxd5+ 48. Kf4 Kg7 49. Ke3 Be6 50. Kf4 Rg6 51. g5 Kf7 52. Rh1 Rxg5 53. Rh8 a5 54. Ra8 b4 55. Ra7+ Kg6 56. Rc7 Bd5 57. Ra7 Bg2 58. Ra8 Bh1 0-1

[Event "24th Klatovy B 2016"]
[Site "Klatovy CZE"]
[Date "2016.07.09"]
[Round "8.41"]
[White "Celovsky, Jan"]
[Black "Palla, Ivan"]
[Result "0-1"]
[WhiteElo "1281"]
[BlackElo "1536"]
[PlyCount "46"]
[EventDate "2016.07.02"]
[EventType "swiss"]
[EventRounds "9"]
[EventCountry "CZE"]

1. e4 c5 2. Nf3 Nc6 3. d4 cxd4 4. Nxd4 Nf6 5. Nc3 e6 6. Be3 Be7 7. Be2 O-O 8. O-O a6 9. f4 d6 10. Bf3 Qc7 11. a4 Na5 12. Be2 Nc4 13. Bxc4 Qxc4 14. Qd3 Qc7 15. b4 b6 16. b5 Bb7 17. bxa6 Bxa6 18. Ndb5 Qc6 19. Rfd1 Rfc8 20. Qd2 Ne8 21. Nd4 Qxc3 22. Qxc3 Rxc3 23. Bd2 Rcc8 0-1

[Event "24th Klatovy B 2016"]
[Site "Klatovy CZE"]
[Date "2016.07.09"]
[Round "8.45"]
[White "Stanke, Petr"]
[Black "Jedlicka, Pavel"]
[Result "0-1"]
[WhiteElo "1239"]
[BlackElo "1548"]
[PlyCount "116"]
[EventDate "2016.07.02"]
[EventType "swiss"]
[EventRounds "9"]
[EventCountry "CZE"]

1. e4 c6 2. d4 d6 3. Bd3 Nf6 4. Bf4 Bg4 5. Qd2 Nbd7 6. h3 Bh5 7. c3 e5 8. Bh2 Bg6 9. Qc2 Qb6 10. Nf3 Bh5 11. Nbd2 exd4 12. Nxd4 Nc5 13. Nf5 d5 14. exd5 Nxd3+ 15. Qxd3 O-O-O 16. Nc4 Re8+ 17. Kd2 Qxf2+ 18. Kc1 Re1+ 19. Rxe1 Qxe1+ 20. Kc2 Qxa1 21. Nfd6+ Bxd6 22. Nxd6+ Kb8 23. Nxf7+ Ka8 24. Nxh8 Nxd5 25. c4 Bd1+ 26. Kd2 Qxb2+ 27. Kxd1 Qa1+ 28. Ke2 Qb2+ 29. Qd2 Nc3+ 30. Kd3 Qxd2+ 31. Kxd2 Nxa2 32. Bd6 b6 33. Kc2 c5 34. Kb3 Nb4 35. Nf7 Kb7 36. Ka4 Nc2 37. Ne5 a6 38. Bf8 g6 39. Kb3 Nd4+ 40. Kc3 Ne6 41. Bd6 Nf4 42. g4 Nxh3 43. Nf3 Nf2 44. Bf4 Nxg4 45. Ng5 h6 46. Ne4 Kc6 47. Bg3 Ne3 48. Nd2 b5 49. cxb5+ axb5 50. Nb3 Nd5+ 51. Kd2 c4 52. Nd4+ Kc5 53. Be5 h5 54. Kc2 h4 55. Nf3 Ne3+ 56. Kc3 b4+ 57. Kb2 h3 58. Bd4+ Kd5 0-1

[Event "24th Klatovy B 2016"]
[Site "Klatovy CZE"]
[Date "2016.07.09"]
[Round "8.47"]
[White "Palla, Marek"]
[Black "Vavrinkova, Marie"]
[Result "1/2-1/2"]
[WhiteElo "1191"]
[BlackElo "1259"]
[PlyCount "58"]
[EventDate "2016.07.02"]
[EventType "swiss"]
[EventRounds "9"]
[EventCountry "CZE"]

1. e4 e5 2. Nf3 Nc6 3. d4 exd4 4. Nxd4 Nf6 5. Nxc6 bxc6 6. Bg5 Be7 7. Nc3 Rb8 8. e5 Nd5 9. Bxe7 Qxe7 10. Nxd5 Qxe5+ 11. Qe2 Qxe2+ 12. Bxe2 cxd5 13. Rb1 O-O 14. O-O Rb6 15. Rfd1 c6 16. b3 Re8 17. Bg4 d6 18. Bxc8 Rxc8 19. Rbc1 Ra6 20. Ra1 Re8 21. h3 Re2 22. Re1 Rxe1+ 23. Rxe1 f6 24. a4 Kf7 25. f4 c5 26. f5 c4 27. bxc4 Rxa4 28. cxd5 Rd4 29. Ra1 Rxd5 1/2-1/2

[Event "24th Klatovy B 2016"]
[Site "Klatovy CZE"]
[Date "2016.07.09"]
[Round "8.4"]
[White "Perik, Alois"]
[Black "Zednik, Zdenek"]
[Result "0-1"]
[WhiteElo "1807"]
[BlackElo "1966"]
[PlyCount "78"]
[EventDate "2016.07.02"]
[EventType "swiss"]
[EventRounds "9"]
[EventCountry "CZE"]

1. c4 c5 2. Nc3 Nf6 3. g3 Nc6 4. Bg2 g6 5. Nf3 Bg7 6. O-O O-O 7. d4 cxd4 8. Nxd4 Qb6 9. e3 d6 10. Qd2 a6 11. b3 Bd7 12. Bb2 Rfd8 13. Rac1 Qa5 14. a3 Qh5 15. Nxc6 Bxc6 16. Nd5 Nxd5 17. cxd5 Bxb2 18. Qxb2 Bxd5 19. Rc7 Bxg2 20. Kxg2 Qd5+ 21. Kg1 e5 22. Rfc1 Rab8 23. R1c4 Qe6 24. Qc3 d5 25. R4c5 d4 26. exd4 exd4 27. Qd3 Rd7 28. Rc8+ Rxc8 29. Rxc8+ Kg7 30. Rc4 Qd5 31. a4 h5 32. h4 f5 33. f3 b5 34. axb5 axb5 35. Rb4 Qd6 36. Rxb5 Qxg3+ 37. Kf1 Qxh4 38. Rb8 Qh1+ 39. Kf2 Qh2+ 0-1

[Event "24th Klatovy B 2016"]
[Site "Klatovy CZE"]
[Date "2016.07.09"]
[Round "8.8"]
[White "Micka, Norbert"]
[Black "Kubat, Martin"]
[Result "0-1"]
[WhiteElo "1848"]
[BlackElo "1709"]
[PlyCount "44"]
[EventDate "2016.07.02"]
[EventType "swiss"]
[EventRounds "9"]
[EventCountry "CZE"]

1. Nf3 Nf6 2. c4 g6 3. Nc3 Bg7 4. e4 d6 5. d4 O-O 6. Be2 e5 7. O-O exd4 8. Nxd4 Nbd7 9. Be3 Nc5 10. f3 a5 11. Qd2 Nh5 12. Rfe1 f5 13. exf5 gxf5 14. Nxf5 Bxf5 15. g4 Qh4 16. gxh5 Be5 17. f4 Kh8 18. Bf3 Bd7 19. fxe5 Rxf3 20. exd6 Rg8+ 21. Kh1 Rf1+ 22. Rxf1 Bc6+ 0-1

[Event "24th Klatovy B 2016"]
[Site "Klatovy CZE"]
[Date "2016.07.09"]
[Round "8.19"]
[White "Spackova, Martina 1992"]
[Black "Vavrinkova, Eliska"]
[Result "1/2-1/2"]
[WhiteElo "1731"]
[BlackElo "1626"]
[PlyCount "66"]
[EventDate "2016.07.02"]
[EventType "swiss"]
[EventRounds "9"]
[EventCountry "CZE"]

1. e4 d5 2. exd5 Qxd5 3. Nc3 Qd6 4. d4 Nf6 5. Be2 a6 6. Nf3 Nc6 7. O-O Bg4 8. d5 Nb4 9. Bc4 O-O-O 10. Bg5 Nbxd5 11. Bxf6 Nxf6 12. Qxd6 exd6 13. Ng5 Bh5 14. Bxf7 h6 15. Be6+ Kb8 16. Nh3 Re8 17. Nf4 g5 18. Nxh5 Rxe6 19. Nxf6 Rxf6 20. Rae1 Bg7 21. Re7 Rg6 22. Rfe1 Be5 23. Nd5 c6 24. Ne3 Rg7 25. Re6 Bxb2 26. Nf5 Rgh7 27. Rxd6 Kc7 28. Rde6 h5 29. Kf1 Rd7 30. Re7 Rhd8 31. R1e6 Kb6 32. Rxd7 Rxd7 33. Ke2 Bc1 1/2-1/2

[Event "24th Klatovy B 2016"]
[Site "Klatovy CZE"]
[Date "2016.07.09"]
[Round "8.22"]
[White "Bauer, Jan 2005"]
[Black "Zak, Jiri1"]
[Result "1-0"]
[WhiteElo "1296"]
[BlackElo "1717"]
[PlyCount "77"]
[EventDate "2016.07.02"]
[EventType "swiss"]
[EventRounds "9"]
[EventCountry "CZE"]

1. e4 c6 2. d4 d5 3. exd5 cxd5 4. Nf3 Nc6 5. Be2 Nf6 6. O-O Bf5 7. c3 e6 8. Bg5 Be7 9. Bb5 a6 10. Ba4 b5 11. Bc2 Bxc2 12. Qxc2 h6 13. Bh4 O-O 14. Nbd2 Rc8 15. Qd3 Re8 16. Rac1 Qb6 17. Rfe1 Na5 18. Ne5 Qb7 19. Re3 Nc4 20. Ndxc4 dxc4 21. Qe2 Nd5 22. Re4 f5 23. Qf3 Bg5 24. Bxg5 fxe4 25. Qh5 hxg5 26. Ng6 Rc7 27. Re1 e3 28. fxe3 Ne7 29. Qh8+ Kf7 30. Rf1+ Nf5 31. Qh5 Qe4 32. Ne5+ Ke7 33. Qf7+ Kd8 34. Qg6 Qxe3+ 35. Kh1 Ree7 36. g4 Qe4+ 37. Kg1 Qe3+ 38. Kh1 Nh4 39. Rf8+ 1-0

[Event "24th Klatovy B 2016"]
[Site "Klatovy CZE"]
[Date "2016.07.09"]
[Round "8.23"]
[White "Stanik, Michal"]
[Black "Soukup, Jiri1"]
[Result "0-1"]
[WhiteElo "1713"]
[BlackElo "1591"]
[PlyCount "48"]
[EventDate "2016.07.02"]
[EventType "swiss"]
[EventRounds "9"]
[EventCountry "CZE"]

1. e4 e6 2. d4 d5 3. Nc3 Bb4 4. e5 c5 5. a3 Bxc3+ 6. bxc3 Ne7 7. Nf3 Qc7 8. Bd3 Nbc6 9. O-O c4 10. Be2 Nf5 11. Ng5 h6 12. Nh3 O-O 13. f4 Bd7 14. Qe1 Qb6 15. Kh1 Nfe7 16. g4 f5 17. g5 Ng6 18. Rg1 Kh7 19. Bh5 Nce7 20. a4 Be8 21. Ba3 Rg8 22. Bxe7 Nxe7 23. Qh4 Ng6 24. Rgb1 Qxb1+ 0-1

[Event "24th Klatovy B 2016"]
[Site "Klatovy CZE"]
[Date "2016.07.09"]
[Round "8.26"]
[White "Vavrinek, Tomas"]
[Black "Sedlak, Jakub"]
[Result "1-0"]
[WhiteElo "1773"]
[BlackElo "1457"]
[PlyCount "77"]
[EventDate "2016.07.02"]
[EventType "swiss"]
[EventRounds "9"]
[EventCountry "CZE"]

1. d4 Nf6 2. Nf3 g6 3. c4 Bg7 4. Nc3 O-O 5. e4 d6 6. Be2 Nc6 7. O-O e5 8. dxe5 dxe5 9. Bg5 Bg4 10. Qb3 Bxf3 11. Bxf3 b6 12. Nd5 Nd4 13. Qd3 Qd6 14. Bxf6 Bxf6 15. b4 Bg7 16. c5 Qd7 17. c6 Qd6 18. b5 Rfd8 19. Bd1 Rac8 20. a4 Kf8 21. Qa3 Qxa3 22. Rxa3 Rd6 23. Bb3 Ke8 24. Bc4 Bf8 25. Ra2 Kd8 26. a5 Ne6 27. axb6 axb6 28. Rfa1 Ke8 29. Nf6+ Ke7 30. Nd5+ Rxd5 31. Bxd5 Nd4 32. Bc4 Kf6 33. Ra8 Rxa8 34. Rxa8 Bd6 35. Rd8 Ne6 36. Rd7 g5 37. f3 h6 38. Kf2 Bc5+ 39. Kg3 1-0

[Event "24th Klatovy B 2016"]
[Site "Klatovy CZE"]
[Date "2016.07.09"]
[Round "8.27"]
[White "Kresl, Filip"]
[Black "Severin, Lubos"]
[Result "1/2-1/2"]
[WhiteElo "1365"]
[BlackElo "1694"]
[PlyCount "94"]
[EventDate "2016.07.02"]
[EventType "swiss"]
[EventRounds "9"]
[EventCountry "CZE"]

1. e4 e6 2. Nf3 d5 3. exd5 exd5 4. d4 Bd6 5. c4 Nf6 6. Bg5 c6 7. cxd5 cxd5 8. Nc3 Be6 9. Bd3 O-O 10. O-O Nbd7 11. Qc2 Qc7 12. Nb5 Qxc2 13. Bxc2 Be7 14. Ne5 Rac8 15. Ba4 a6 16. Nc3 Nb6 17. Rac1 Bb4 18. Bb3 Bxc3 19. Rxc3 Ne4 20. Rxc8 Rxc8 21. Be3 Nd7 22. Nxd7 Bxd7 23. Bxd5 Bc6 24. Rc1 Nd6 25. Bxc6 Rxc6 26. Rxc6 bxc6 27. Kf1 f6 28. Ke2 Kf7 29. Kd3 Ke6 30. Bf4 Nb7 31. Kc4 g5 32. Bc7 f5 33. b4 h5 34. a4 g4 35. g3 Kd7 36. Bf4 Ke6 37. b5 cxb5+ 38. axb5 axb5+ 39. Kxb5 Kd5 40. Be3 Nd8 41. Kb4 Ne6 42. Kc3 Nf8 43. Kd3 Ng6 44. Bg5 Nf8 45. Ke3 Ne6 46. Bf6 Kc4 47. f3 Kd5 1/2-1/2

[Event "24th Klatovy B 2016"]
[Site "Klatovy CZE"]
[Date "2016.07.09"]
[Round "8.29"]
[White "Pravda, Krystof"]
[Black "Kovar, Michal"]
[Result "1-0"]
[WhiteElo "1669"]
[BlackElo "1479"]
[PlyCount "37"]
[EventDate "2016.07.02"]
[EventType "swiss"]
[EventRounds "9"]
[EventCountry "CZE"]

1. e4 d6 2. d4 g6 3. c4 Nf6 4. Nc3 Bg7 5. f3 O-O 6. Be3 Nbd7 7. Qd2 e5 8. d5 a6 9. g4 h5 10. h3 b6 11. Nge2 Nc5 12. Bg5 Kh7 13. Ng3 Ncd7 14. gxh5 gxh5 15. Nxh5 Rh8 16. Rg1 Rg8 17. Qf2 Qf8 18. Nxf6+ Bxf6 19. Qh4+ 1-0

[Event "24th Klatovy B 2016"]
[Site "Klatovy CZE"]
[Date "2016.07.09"]
[Round "8.32"]
[White "May, David"]
[Black "Svec, Ludek"]
[Result "0-1"]
[WhiteElo "1532"]
[BlackElo "1654"]
[PlyCount "86"]
[EventDate "2016.07.02"]
[EventType "swiss"]
[EventRounds "9"]
[EventCountry "CZE"]

1. e4 c5 2. Nf3 e6 3. d4 cxd4 4. Nxd4 Nf6 5. Nc3 Nc6 6. a3 d5 7. Nxc6 bxc6 8. Be3 Be7 9. f4 O-O 10. Be2 Qc7 11. e5 Nd7 12. O-O Bc5 13. Bxc5 Nxc5 14. b4 Nd7 15. Na4 f6 16. Qd4 fxe5 17. fxe5 Qxe5 18. Qxe5 Nxe5 19. Nc5 Rf6 20. c4 Kf7 21. Rac1 Ke7 22. g3 Rxf1+ 23. Kxf1 Nd7 24. cxd5 cxd5 25. Bd3 g6 26. Bb5 Kd6 27. Bxd7 Bxd7 28. Nb7+ Ke5 29. Re1+ Kf6 30. Nc5 Bb5+ 31. Kf2 e5 32. a4 Be8 33. b5 e4 34. Rc1 Ke5 35. Ke3 d4+ 36. Ke2 Rc8 37. Kd2 e3+ 38. Kd3 g5 39. Ke2 Kd5 40. Nb3 Rxc1 41. Nxc1 Ke4 42. h3 Bf7 43. Ke1 Bc4 0-1

[Event "24th Klatovy B 2016"]
[Site "Klatovy CZE"]
[Date "2016.07.09"]
[Round "8.38"]
[White "Vanek, Jiri1"]
[Black "Repa, Vaclav"]
[Result "0-1"]
[WhiteElo "1350"]
[BlackElo "1577"]
[PlyCount "60"]
[EventDate "2016.07.02"]
[EventType "swiss"]
[EventRounds "9"]
[EventCountry "CZE"]

1. e4 c5 2. Nf3 d6 3. d4 cxd4 4. Nxd4 Nf6 5. Nc3 a6 6. Bg5 Nbd7 7. f4 h6 8. Bh4 Qa5 9. Qf3 g5 10. fxg5 hxg5 11. Nb3 Qe5 12. Bg3 Qe6 13. Be2 g4 14. Qd3 Ne5 15. Bxe5 Qxe5 16. g3 Bh6 17. Nd5 Nxd5 18. Qxd5 Qxb2 19. Rf1 Qc3+ 20. Kd1 O-O 21. Qh5 Qg7 22. Rb1 Be6 23. Bd3 b5 24. Ke2 Rac8 25. a3 Bc4 26. Rf5 e6 27. Rf2 Bxd3+ 28. cxd3 Rc2+ 29. Ke1 Qc3+ 30. Kf1 Qxd3+ 0-1